00648nam a2200205 a 450000100060000000300080000600500170001400800410003103500190007204000370009104100130012808200220014110000190016324500950018226000400027730000250031750400500034265000270039265000230041963034BD-RjUL20211209081143.0170128s1992 i b 001 0 eng d a(BD-RjUL)63162 aDLCcCINdm.cdSERdBD-RjULbeng1 aenghger a909.82bCHH 1992 aChhabra, H. K.12aHistory of modern world :b[since 1914 A. D.1945] (the study of international relations) / aDehi :bSurjeet Publications,c1992 av, 396 p. :c19 cm. aIncludes bibliography (p. 293-295) and index. aEurope -- History.  a History, Modern.